| 000 | 00620nam a2200229Ia 4500 | ||
|---|---|---|---|
| 003 | BUBTL | ||
| 008 | 151213s9999 xx 000 0 und d | ||
| 020 | _a340764198 | ||
| 082 | _a418/ Sch564a/ 2002 | ||
| 100 |
_aSchmitt, Norbert _94802 |
||
| 245 |
_aAn Introduction to Applied Linguistics : _cNorbert Schmitt |
||
| 250 | _a1st Edn | ||
| 260 |
_aU S A _bArnold _cc2002 |
||
| 300 |
_a[viii],344p. : _b24 cm |
||
| 500 | _aIncludes Index | ||
| 650 | _aEnglish Language | ||
| 650 | _a | ||
| 700 |
_aNorbert Schmitt _94803 |
||
| 856 |
_k0 _l0 _yDownload |
||
| 942 |
_2ddc _cBK |
||
| 999 |
_c2424 _d2424 |
||